Vplyv prídavku Pestreca mariánskeho (Silybum marianum) na technologické a organoleptické vlastnosti cereálnych výrobkov diplomová práca

Salvato in:
Dettagli Bibliografici
Autore principale: Bortlíková, Veronika
Natura: Libro
Lingua:inglese
Pubblicazione: Bratislava STU FCHPT 2019
Accesso online:Visualizza in OPAC
Tags: Aggiungi Tag
Nessun Tag, puoi essere il primo ad aggiungerne!!

MARC

LEADER 00000nam a2200000 a 4500
005 20260127134201.0
008 190607 2019 xo a 000 0 eng d
035 |a vtls011870151 
039 9 |y 201906071050  |z mschk03 
040 |a STUSCHK1  |b slo  |c STUSCHK1  |e AACR2 
100 1 |a Bortlíková, Veronika 
245 1 |a Vplyv prídavku Pestreca mariánskeho (Silybum marianum) na technologické a organoleptické vlastnosti cereálnych výrobkov  |b diplomová práca  |c Veronika Bortlíková 
260 |a Bratislava  |b STU FCHPT  |c 2019 
300 |a 87 s.  |b Obr., tab.  |c 25 cm 
500 |a Študijný program: potraviny, hygiena, kozmetika 
500 |a Študijný odbor: potravinárstvo 
500 |a Školiace pracovisko: Ústav potravinárstva a výživy 
500 |a Evid. číslo: FCHPT-5457-63641 
910 |a SCHK95 
999 |c 6085  |d 6085